The practice nurse : theory and practice /

Bibliographic Details
Main Author: Jeffree, Pauline, 1939-
Corporate Author: SpringerLink (Online service)
Format: eBook
Language:English
Published: London ; New York : Chapman & Hall ; 1995.
Edition:2nd ed.
Subjects:
Online Access:Connect to the full text of this electronic book

MARC

Tag First Indicator Second Indicator Subfields
LEADER 00000cam a2200000Ka 4500
001 in00003515913
006 m o d
007 cr bn||||||abp
007 cr bn||||||ada
008 100519s1995 enka ob 001 0 eng d
005 20260420202115.1
019 |a 637124396  |a 637124409 
020 |a 9781489968746 (electronic bk.) 
020 |a 1489968741 (electronic bk.) 
020 |z 0412566400 (alk. paper) 
020 |z 9780412566400 (alk. paper) 
020 |z 1565932943 (alk. paper) 
020 |z 9781565932944 (alk. paper) 
035 |a (OCoLC)622862850  |z (OCoLC)637124396  |z (OCoLC)637124409 
040 |a OCLCE  |b eng  |e pn  |c OCLCE  |d OCLCQ  |d OCLCO  |d OCLCQ  |d OCLCO  |d OCLCQ  |d GW5XE  |d UtOrBLW 
042 |a dlr 
043 |a e-uk--- 
049 |a TXAM 
050 4 |a RT82.8  |b .J44 1995 
060 4 |a 1994 K-880 
060 4 |a WY 101  |b J46p 1995 
082 0 4 |a 610.73  |2 20 
100 1 |a Jeffree, Pauline,  |d 1939- 
245 1 4 |a The practice nurse :  |b theory and practice /  |c Pauline Jefree. 
250 |a 2nd ed. 
264 1 |a London ;  |a New York :  |b Chapman & Hall ;  |c 1995. 
264 2 |a San Diego, Calif. :  |b Distributed in the USA and Canada by Singular Pub. Group, 
300 |a 1 online resource (x, 392 pages) :  |b illustrations 
336 |a text  |b txt  |2 rdacontent 
337 |a computer  |b c  |2 rdamedia 
338 |a online resource  |b cr  |2 rdacarrier 
504 |a Includes bibliographical references and index. 
538 |a Master and use copy. Digital master created according to Benchmark for Faithful Digital Reproductions of Monographs and Serials, Version 1. Digital Library Federation, December 2002.  |u http://purl.oclc.org/DLF/benchrepro0212  |5 MiAaHDL 
583 1 |a digitized  |c 2010  |h HathiTrust Digital Library  |l committed to preserve  |2 pda  |5 MiAaHDL 
588 |a Description based on print version record. 
500 |a Electronic resource. 
650 0 |a Nursing practitioners  |z Great Britain. 
650 0 |a Nursing  |x Practice  |z Great Britain. 
650 1 2 |a Nursing Care  |x methods. 
650 2 2 |a Family Practice. 
653 0 |a Nursing 
655 7 |a Electronic books.  |2 local 
710 2 |a SpringerLink (Online service) 
776 1 8 |i Print version:  |a Jeffree, Pauline, 1939-  |t Practice nurse.  |b 2nd ed.  |d London ; New York : Chapman & Hall ; San Diego, Calif. : Distributed in the USA and Canada by Singular Pub. Group, 1995  |w (DLC) 94071060  |w (OCoLC)31818009 
856 4 0 |u http://proxy.library.tamu.edu/login?url=https://link.springer.com/10.1007/978-1-4899-6874-6  |z Connect to the full text of this electronic book  |t 0 
994 |a 92  |b TXA 
999 |a MARS 
999 f f |s f65dadc3-220b-3623-b544-c1542b9547ee  |i 4eb16aa6-0d18-3792-b736-091632f0fe77  |t 0 
952 f f |a Texas A&M University  |b College Station  |c Electronic Resources  |s www_evans  |d Available Online  |t 0  |e RT82.8 .J44 1995  |h Library of Congress classification 
998 f f |a RT82.8 .J44 1995  |t 0  |l Available Online